Gimpel, el tonto /

I tiakina i:
Ngā taipitopito rārangi puna kōrero
Kaituhi matua: Singer, Isaac Bashevis (autor)
Hōputu: Pukapuka
Reo:Pāniora
I whakaputaina: México : Debolsillo, 2018, c2018
Rangatū:(Debolsillo Contemporánea) [s.n.]
Ngā marau:
Ngā Tūtohu: Tāpirihia he Tūtohu
Kāore He Tūtohu, Me noho koe te mea tuatahi ki te tūtohu i tēnei pūkete!

MARC

LEADER 00000nam^a2200000^a^4500
001 000410026
005 20250521000000.0
008 091118 20022002
009 20260310122037.47
020 |a 978-607-316-096-4 
037 |a Acervo ITESO - Biblioteca 
041 |a ESP 
082 |a 839. 09  |b SIN 
100 |a Singer, Isaac Bashevis  |e (autor) 
245 1 0 |a Gimpel, el tonto /  |c I.B. Singer ; tr. por Adolfo Martin. 
264 4 |a México :  |b Debolsillo,  |c 2018, c2018 
300 |a 227 p. 
336 |a texto  |b txt  |2 rdacontenido 
337 |a sin mediación  |b n  |2 rdamedio 
338 |a volumen  |b nc  |2 rdasoporte 
440 1 |a (Debolsillo Contemporánea) [s.n.] 
500 |a Traducción de: Gimpel, the Fool 
521 |a FIL 2018 DIA 
545 0 |a El polaco Isaac Bashevis Singer (Leoncin, 1904, antigua Polonia del Congreso – Miami, 1991) es el más conocido y quizá también el más importante representante de la literatura yiddish. Formado primero en el Talmud y luego en los grandes clásicos de la filosofía y la literatura, comenzó como periodista en la revista Literarische Bletter. Singer anticipó el ascenso del nazismo y emigró a Estados Unidos en 1935, donde desarrolla una obra que nunca ha renunciado a su lengua materna, como tampoco a los referentes polacos. En ella se deja ver el mundo mágico de la narrativa tradicional judía, pero también la ironía y la visión crítica respecto de la vida de los judíos de Polonia. Premio Nobel de Literatura en 1978, algunas de sus obras son: Satán en Goray (1935), El mago de Lublin (1960), Una boda en Brownsville (1964), En el tribunal de mi padre (1966), La casa de Jampol (1967), Cuentos judíos de la aldea de Chelm (1973), Shosha (1978), Golem, el coloso de barro (1982), Amor y exilio (1984) y Meshugah (1994), publicada póstumamente. 
586 |a Premio Nobel de Literatura 1978 
649 |a XX 
650 |a Cuentos Yiddish 
650 |a Cuentos Judíos 
650 |a Cuentos Polacos 
650 |a Literatura Yiddish -  |y Siglo XX 
650 |a Literatura Judía -  |y Siglo XX 
650 |a Literatura Polaca -  |y Siglo XX 
650 |a Literatura Norteamericana -  |y Siglo XX 
650 |a Polonia en la Literatura 
910 |a Fondo General 
920 |a Impresos - Libros 
930 |a Colección General 
940 |a Literatura 
905 |a 101 
901 |a 0500312045  |b IT1  |c LIT  |i C163081  |u 20250521 
902 |a https://opac.biblio.iteso.mx/vufind/Record/000410026